000 00638cam a2200241 4500
001 J112189
008 000000n2001 000 0 eng u
035 _a(Sirsi) u112189
050 _a347.4104
110 _aEngland and Wales
_bLands Tribunal
_91252
245 _aLands Tribunal practice directions
260 _aLondon
_bLands Tribunal
_b2001
300 _a15p. ; 30cm.
650 _aLANDS TRIBUNALS
650 _aPROCEDURES
650 _aLEASEHOLD VALUATION TRIBUNALS
650 _aEXPERT WITNESSES
650 _aALTERNATIVE DISPUTE RESOLUTION
650 _aCOSTS
650 _aLAW
690 _aPROPERTY
942 _n0
999 _c101369
_d101369